000 00613nam a22001817a 4500
003 CEME
005 20210628202358.0
008 210120b xxu||||| |||| 00| 0 eng d
020 _a0-471-62563-9
040 _cceme
082 _a621.3813 TAT-P
100 _aItoh , Tatsuo
_959637
245 _aNumerical techniques for microwave and millimeter wave passive structures
260 _aNEW YORK
_bJOHN WILEY
_c1989
300 _aXII,710P
650 _aMICROWAVE DEVICES -DESIGN AND CONSTRUCTION- DATA PROCESSING, NUMERICAL CALCULATIONS.MICROWAVE AND MILLIMETER WAVE PASSIVE STRUCTURES
_959638
942 _cBK
_2ddc
999 _c569565
_d569565